bad - wave to earth lyrics - Statistics

General Stats
  • This quiz has been taken 87 times
  • The average score is 197 of 227
Answer Stats
bad % Correct
bad
100%
be
98%
could
98%
day
98%
chorus how
98%
i
98%
i'm
98%
my
98%
one
98%
only
98%
the
98%
when
98%
with
98%
you
98%
your
98%
makes
96%
me
96%
who
96%
you're
96%
a
92%
so
92%
laugh
88%
for
85%
it
85%
to
85%
all
83%
in
83%
been
81%
can
81%
long
81%
we
81%
it's
79%
i've
79%
verse 1 lately
79%
watch
79%
boring
77%
face
77%
life's
77%
netflix
77%
no
77%
watching
77%
at
75%
park
75%
went
75%
would
75%
glance
73%
let
73%
myself
73%
that
73%
left
71%
love
71%
recognised
71%
together
71%
and
69%
out
69%
smiled
69%
thought
69%
just
67%
there
67%
things
67%
we'll
67%
already
65%
finally
63%
oh
63%
hands
60%
held
60%
morning
58%
sun
58%
verse 2 coffee
54%
eyes
54%
think
54%
brown
50%
there's
50%
hue
48%
knew
46%
is
44%
pretty
42%
babe
38%
gives
27%
No matching quizzes found
Score Distribution
Percent of People with Each Score
Percentile by Number Answered
Your Score History
You have not taken this quiz